000 00709cam a22001931 4500
001 000001668
005 20200929145644.0
008 781113s1965 fr a 000 0 fre
010 _a66045551
040 _aDO-SdBNP
_bspa
_cBNPHU
245 0 4 _aLes Grands orfevres de Louis XIII a Charles X. /
_cPref. de Jacques Helft. [Concu realise par Claude Fregnac.
260 _aParis] :
_bHachette,
_c[1965].
300 _a333 p. :
_billus. (part col.), facsims., ports. ;
_c32 cm.
490 0 _aCollection Connaissance des arts "Grands artisans d'autrefois"
504 _aBibliography: p. 333.
650 0 _aGoldsmiths
_zFrance.
_95421
650 0 _aSilversmiths
_zFrance.
_95422
700 1 _aFregnac, Claude,
_eed.
_95423
999 _c1549
_d1549